| 000 | 004970000a22001930004500 | ||
|---|---|---|---|
| 001 | 004917 | ||
| 003 | MACL | ||
| 005 | 20150802161600.0 | ||
| 008 | 150802b xxu||||| |||| 00| 0 eng d | ||
| 040 |
_aMACL _cMACL |
||
| 041 | _aEnglish | ||
| 082 | _a398/JET | ||
| 100 |
_aJethwani, Aruna _94436 |
||
| 245 |
_aBody Mind And Soul _bThe Complete Beauty Book _cAruna Jethwani |
||
| 260 |
_aNew Delhi _c1998 _bA Sterling Paperback, |
||
| 350 | _a80 | ||
| 650 |
_aFolklore _94270 |
||
| 942 |
_k398 _cBK _2ddc |
||
| 999 |
_c16800 _d16800 |
||